Total quality accounting

Αποθηκεύτηκε σε:
Λεπτομέρειες βιβλιογραφικής εγγραφής
Κύριος συγγραφέας: Woods, Michael D.
Μορφή: Βιβλίο
Γλώσσα:English
Δημοσίευση: New York, Chichester : Wiley, 1994
Θέματα:
Ετικέτες: Προσθήκη ετικέτας
Δεν υπάρχουν, Καταχωρήστε ετικέτα πρώτοι!

MARC

LEADER 00000nam a2200000 i 4500
001 1/49743
008 960403s1994 eng d
020 |a 0-471-31185-5 
035 |l 10026886 
040 |a GR-MY-UA  |b gre  |e aacr 
041 0 |a eng 
082 0 |a 657.0685 
100 1 |a Woods, Michael D. 
245 1 0 |a Total quality accounting /  |c Michael D.Woods,CPA 
260 |a New York, Chichester :   |b Wiley,   |c 1994 
300 |a 225 p. 
500 |a Includes index 
650 0 0 |a Cost accounting. 
650 0 0 |a Total quality management. 
852 |a INST  |b CHIOS  |e 19960403  |h 657.0685 WOO  |p 005200003704  |q 005200003704  |t BK  |y 0 
909 |a Χ  |b 037599